| 000 | 00413nam a2200169Ia 4500 | ||
|---|---|---|---|
| 003 | LK-CoDNM | ||
| 008 | 010623t1964 xxu||||| |||| 00| 1 eng d | ||
| 040 |
_aLK-CoDNM _dLK-CoDNM _eLK-CoDNM |
||
| 041 | _aeng | ||
| 080 | _a688.742.5 COR | ||
| 100 | _aCorry,P. | ||
| 245 | _aLighting the stage | ||
| 260 |
_bIsaac pitman sons _aLondon _c1964 |
||
| 300 | _bill,157p., 21 cm | ||
| 650 | _aFurniture | ||
| 942 | _cBK | ||
| 999 |
_c106521 _d106521 |
||